TDD-CDMA for wireless communications / (Record no. 178692)
[ view plain ]
| 000 -LEADER | |
|---|---|
| fixed length control field | 00969 a2200217 4500 |
| 003 - CONTROL NUMBER IDENTIFIER | |
| control field | Nust |
| 005 - DATE AND TIME OF LATEST TRANSACTION | |
| control field | 20170207153051.0 |
| 010 ## - LIBRARY OF CONGRESS CONTROL NUMBER | |
| LC control number | 2002032680 |
| 020 ## - INTERNATIONAL STANDARD BOOK NUMBER | |
| International Standard Book Number | 158053371X (alk. paper) |
| 040 ## - CATALOGING SOURCE | |
| Transcribing agency | Nust |
| 082 00 - DEWEY DECIMAL CLASSIFICATION NUMBER | |
| Classification number | 621.3845 |
| 100 1# - MAIN ENTRY--PERSONAL NAME | |
| Personal name | Esmailzadeh, Riaz. |
| 245 10 - TITLE STATEMENT | |
| Title | TDD-CDMA for wireless communications / |
| Statement of responsibility, etc. | Riaz Esmailzadeh, Masao Nakagawa. |
| 260 ## - PUBLICATION, DISTRIBUTION, ETC. | |
| Place of publication, distribution, etc. | Boston : |
| Name of publisher, distributor, etc. | Artech House, |
| Date of publication, distribution, etc. | c2003. |
| 300 ## - PHYSICAL DESCRIPTION | |
| Extent | xiii, 176 p. : |
| Other physical details | ill. ; |
| Dimensions | 24 cm. |
| 440 #0 - SERIES STATEMENT/ADDED ENTRY--TITLE | |
| Title | Artech House universal personal communications series |
| 505 ## - FORMATTED CONTENTS NOTE | |
| Formatted contents note | Introduction (Page-1), Mobile Radio Comm. (Page-11), TDD Transmission (Page-39), Power Control In TDD-CDMA Sys (Page-55), Pre-Rake Combining (Page-75), System Capacity In TDD-CDMA Systems (Page-99), TDD Based CDMA Standards For Public Systems (Page-123), TDD Spread Spectrum (Page-15), TDD And Fourth Generation Sys (Page-161). |
| 538 ## - SYSTEM DETAILS NOTE | |
| System details note | Almirah No.27 Shelf No.1 |
| 650 #0 - SUBJECT ADDED ENTRY--TOPICAL TERM | |
| Topical term or geographic name entry element | Telecommunication engineering |
| 700 1# - ADDED ENTRY--PERSONAL NAME | |
| Personal name | Nakagawa, Masao, |
| Dates associated with a name | 1946- |
| 942 ## - ADDED ENTRY ELEMENTS (KOHA) | |
| Koha item type | Reference |
| Withdrawn status | Lost status | Source of classification or shelving scheme | Damaged status | Not for loan | Collection code | Permanent Location | Current Location | Date acquired | Total Checkouts | Full call number | Barcode | Date last seen | Price effective from | Koha item type |
|---|---|---|---|---|---|---|---|---|---|---|---|---|---|---|
| Military College of Signals (MCS) | Military College of Signals (MCS) | 12/12/2016 | 621.3845 ESM | MCS30820 | 12/08/2016 | 12/12/2016 | Book |
